[Event "Olomouc Chess Summer 2012 - Open Olomou"]
[Site "Olomouc (CZE), Hotel Flora"]
[Date "2012.08.05"]
[Round "5.15"]
[White "Sochorova, Petra"]
[Black "Hrabal, Michal"]
[Result "1-0"]
[WhiteElo "2214"]
[BlackElo "2101"]
[PlyCount "83"]
[EventDate "2012.08.02"]

1. e4 e5 2. f4 d5 3. exd5 c6 4. Nc3 cxd5 5. Bb5+ Nc6 6. Qe2 e4 7. d3 Nf6 8.
dxe4 dxe4 9. Nxe4 Nxe4 10. Qxe4+ Be7 11. Bd2 O-O 12. O-O-O Qc7 13. Bc3 Bd6 14.
Nf3 Bxf4+ 15. Kb1 f6 16. g3 Be5 17. Bxc6 Qxc6 18. Qxc6 bxc6 19. Nxe5 fxe5 20.
Bxe5 Bh3 21. Bd4 Rad8 22. Bxa7 Rxd1+ 23. Rxd1 Rf1 24. Rxf1 Bxf1 25. Kc1 Kf7 26.
Kd2 Ke6 27. Ke3 Kd5 28. b3 Ba6 29. c4+ Kd6 30. Kd4 Kc7 31. Kc5 Bc8 32. Bb6+ Kb7
33. b4 Bf5 34. a4 Bc2 35. a5 g5 36. b5 cxb5 37. cxb5 h5 38. Bd8 g4 39. Bg5 Bd3
40. Be3 Be2 41. a6+ Ka8 42. Kb4 1-0

[Event "Olomouc Chess Summer 2012 - Open Olomou"]
[Site "Olomouc (CZE), Hotel Flora"]
[Date "2012.08.05"]
[Round "5.14"]
[White "Chudinovskikh, Alexander M"]
[Black "Maly, Marek"]
[Result "1-0"]
[WhiteElo "2248"]
[BlackElo "2107"]
[PlyCount "68"]
[EventDate "2012.08.02"]

1. d4 d5 2. Nf3 Nf6 3. c4 dxc4 4. Nc3 e6 5. e4 Bb4 6. Bg5 c5 7. Bxc4 cxd4 8.
Nxd4 Qa5 9. Bxf6 Bxc3+ 10. bxc3 gxf6 11. O-O a6 12. f4 Qc5 13. Bb3 Nc6 14. Kh1
Bd7 15. f5 O-O-O 16. fxe6 fxe6 17. Nxe6 Bxe6 18. Bxe6+ Kb8 19. Qb3 Rd3 20. Rac1
Ne5 21. Rxf6 Qe3 22. Rff1 Rd2 23. Bd5 b5 24. Qa3 Qg5 25. Qd6+ Kc8 26. Qxa6+ Kc7
27. Qa7+ Kc8 28. Qb7+ Kd8 29. Qb8+ Kd7 30. Qxb5+ Kd6 31. Qb6+ Kd7 32. Qg1 Ng4
33. Qa7+ Kd8 34. Qb8+ Kd7 1-0

[Event "Olomouc Chess Summer 2012 - Open Olomou"]
[Site "Olomouc (CZE), Hotel Flora"]
[Date "2012.08.05"]
[Round "5.12"]
[White "Woellermann, Jan"]
[Black "Cagasik, Tomas"]
[Result "1-0"]
[WhiteElo "2124"]
[BlackElo "2266"]
[PlyCount "117"]
[EventDate "2012.08.02"]

1. d4 d5 2. c4 e5 3. dxe5 dxc4 4. Qxd8+ Kxd8 5. Bg5+ Ne7 6. Na3 Be6 7. e4 Nbc6
8. Nxc4 Bxc4 9. Bxc4 Nxe5 10. Rd1+ Ke8 11. Bb3 f6 12. Be3 a6 13. f4 Nd7 14. Nf3
Nc6 15. Kf2 Nc5 16. Bc2 Nd7 17. Rhe1 Bb4 18. Re2 Rd8 19. e5 fxe5 20. fxe5 Bc5
21. Ng5 Bxe3+ 22. Rxe3 Nf8 23. e6 Rxd1 24. Bxd1 Ke7 25. Bf3 Nd8 26. Nf7 Nxf7
27. exf7+ Kxf7 28. Bxb7 a5 29. Bd5+ Kf6 30. Ra3 Ng6 31. Rxa5 Rd8 32. b3 Ne5 33.
Be4 h5 34. h3 g5 35. Ke2 Rd4 36. Bf3 g4 37. hxg4 hxg4 38. Bb7 Rb4 39. Bd5 Rd4
40. Ba8 Kf5 41. Rc5 Rd8 42. Bb7 Re8 43. Rxc7 Nf3+ 44. Kf2 Nd4 45. Bc8+ Kf4 46.
Rf7+ Ke5 47. Bxg4 Ra8 48. a4 Nxb3 49. Rf5+ Kd4 50. Bd1 Nc5 51. g4 Ne4+ 52. Kf3
Rh8 53. a5 Rh2 54. g5 Rd2 55. Be2 Rb2 56. a6 Rb3+ 57. Kg4 Rg3+ 58. Kh5 Rg2 59.
a7 1-0

[Event "Olomouc Chess Summer 2012 - Open Olomou"]
[Site "Olomouc (CZE), Hotel Flora"]
[Date "2012.08.05"]
[Round "5.11"]
[White "Gagare, Shardul"]
[Black "Miturova, Magdalena"]
[Result "1-0"]
[WhiteElo "2287"]
[BlackElo "2139"]
[PlyCount "107"]
[EventDate "2012.08.02"]

1. c4 e5 2. g3 Nf6 3. Bg2 d5 4. cxd5 Nxd5 5. Nc3 Nb6 6. Nf3 Nc6 7. O-O Be7 8.
a3 O-O 9. b4 Be6 10. Rb1 f6 11. d3 Nd4 12. Nd2 c6 13. Nde4 Rf7 14. e3 Nb5 15.
Qc2 Nxc3 16. Qxc3 Ba2 17. Ra1 Bd5 18. Bh3 Nd7 19. Nc5 Bxc5 20. bxc5 Nf8 21. Rb1
Qe7 22. e4 Be6 23. Bg2 Rd8 24. Be3 Bc8 25. d4 exd4 26. Bxd4 Ne6 27. Be3 Qd7 28.
h4 Qd3 29. Qa5 a6 30. Rfd1 Qxd1+ 31. Rxd1 Rxd1+ 32. Kh2 Rd8 33. Bf1 Rff8 34.
Bc4 Kh8 35. Kg2 Rde8 36. g4 Re7 37. f3 Ree8 38. Qd2 Rd8 39. Qb2 Rde8 40. Kg3
Re7 41. Qc1 Ree8 42. h5 Ng5 43. Bxg5 fxg5 44. Qxg5 Be6 45. h6 Rg8 46. Bxe6 Rxe6
47. hxg7+ Rxg7 48. Qd8+ Rg8 49. Qd7 Reg6 50. e5 h5 51. e6 hxg4 52. f4 Rh6 53.
e7 Rh3+ 54. Kg2 1-0

[Event "Olomouc Chess Summer 2012 - Open Olomou"]
[Site "Olomouc (CZE), Hotel Flora"]
[Date "2012.08.05"]
[Round "5.9"]
[White "Kireev, Aleksei"]
[Black "Zavurka, Roman"]
[Result "1/2-1/2"]
[WhiteElo "2345"]
[BlackElo "2156"]
[PlyCount "59"]
[EventDate "2012.08.02"]

1. g3 d5 2. d3 Bf5 3. Bg2 e6 4. Nd2 Nf6 5. e4 Bg6 6. Nh3 h6 7. Nf4 Bh7 8. Qe2
Be7 9. O-O O-O 10. Re1 c6 11. Nb3 dxe4 12. dxe4 e5 13. Nd3 Nbd7 14. f3 Qc7 15.
Nf2 a5 16. a4 Nc5 17. Nxc5 Bxc5 18. Kh1 Nd7 19. Nd3 Bb6 20. Be3 f6 21. Bh3 Rfd8
22. Rad1 Bxe3 23. Qxe3 Nf8 24. Nf2 Kh8 25. Rxd8 Rxd8 26. Rd1 Rxd1+ 27. Nxd1 Qd8
28. Nf2 b6 29. Kg1 Bg8 30. Qd3 1/2-1/2

[Event "Olomouc Chess Summer 2012 - Open Olomou"]
[Site "Olomouc (CZE), Hotel Flora"]
[Date "2012.08.05"]
[Round "5.8"]
[White "Gagarin, Vasilij"]
[Black "Volodin, Viktor"]
[Result "1/2-1/2"]
[WhiteElo "2372"]
[BlackElo "2205"]
[PlyCount "73"]
[EventDate "2012.08.02"]

1. d4 d5 2. c4 e6 3. Nf3 Nf6 4. e3 c5 5. b3 Nc6 6. Bb2 Be7 7. Bd3 O-O 8. O-O b6
9. Nc3 Bb7 10. Rc1 Rc8 11. Qe2 Qc7 12. cxd5 exd5 13. Rfd1 Rfe8 14. dxc5 Bxc5
15. Nb5 Qe7 16. Nbd4 g6 17. Bb5 Nxd4 18. Nxd4 Red8 19. Ba6 Ne4 20. Bxb7 Qxb7
21. Qg4 Nf6 22. Qh4 Ne4 23. f3 Be7 24. Qe1 Nf6 25. Qe2 Rc5 26. Qd3 Rdc8 27. Ne2
Rxc1 28. Rxc1 Rxc1+ 29. Nxc1 Nd7 30. Ne2 Bf6 31. Bxf6 Nxf6 32. Qd4 Qc6 33. Nc3
h5 34. g3 Qe6 35. Kg2 Qf5 36. Qd2 g5 37. h3 1/2-1/2

[Event "Olomouc Chess Summer 2012 - Open Olomou"]
[Site "Olomouc (CZE), Hotel Flora"]
[Date "2012.08.05"]
[Round "5.6"]
[White "Camarena Gimenez, Rufino"]
[Black "Goluch, Piotr"]
[Result "1/2-1/2"]
[WhiteElo "2396"]
[BlackElo "2250"]
[PlyCount "128"]
[EventDate "2012.08.02"]

1. d4 Nf6 2. c4 d6 3. Nc3 e5 4. Nf3 e4 5. Ng5 Qe7 6. g3 Bf5 7. Bg2 h6 8. Nh3 g5
9. Ng1 c6 10. h4 Ng4 11. e3 Bg7 12. hxg5 hxg5 13. Rxh8+ Bxh8 14. Bh3 Qe6 15. d5
Bxc3+ 16. bxc3 cxd5 17. cxd5 Qc8 18. Bxg4 Bxg4 19. Qa4+ Kf8 20. Bb2 Qf5 21. Qd4
Ke7 22. Ba3 Nd7 23. Kf1 Qh7 24. Rb1 b6 25. Rb4 Nc5 26. Rb5 Nd3 27. Bxd6+ Kxd6
28. Qf6+ Be6 29. dxe6 fxe6 30. Rxg5 Nc5 31. c4 Kc6 32. Rg7 Qh8 33. Qe7 Rc8 34.
Kg2 a5 35. g4 Qe8 36. Qf6 Qd8 37. Qf4 Qd6 38. Ne2 Qxf4 39. Nd4+ Kd6 40. exf4
Nd3 41. Nb5+ Kc5 42. Kg3 Rf8 43. Rc7+ Kb4 44. a3+ Ka4 45. Nc3+ Kxa3 46. Nxe4
Nxf4 47. Rc6 Kb4 48. Nd6 Ne2+ 49. Kg2 Nf4+ 50. Kg3 Ne2+ 51. Kh4 Rxf2 52. Rxb6+
Kc5 53. Ra6 Rg2 54. Ne4+ Kd4 55. Nf6 Kxc4 56. Rxa5 Nd4 57. Kh5 Nf3 58. Ra3 Rh2+
59. Kg6 Ne5+ 60. Kg5 Nf7+ 61. Kg6 Ne5+ 62. Kg7 Rg2 63. Ra4+ Kd3 64. Kf8 Nc4
1/2-1/2

[Event "Olomouc Chess Summer 2012 - Open Olomou"]
[Site "Olomouc (CZE), Hotel Flora"]
[Date "2012.08.05"]
[Round "5.4"]
[White "Jasny, Stanislav"]
[Black "Garcia Roman, Daniel"]
[Result "0-1"]
[WhiteElo "2308"]
[BlackElo "2386"]
[PlyCount "74"]
[EventDate "2012.08.02"]

1. d4 e6 2. c4 Nf6 3. Nc3 Bb4 4. e3 c5 5. Nge2 O-O 6. a3 Bxc3+ 7. Nxc3 cxd4 8.
exd4 d5 9. cxd5 Nxd5 10. Bd3 Nc6 11. O-O h6 12. Bc2 Nf6 13. Be3 Ne7 14. Qd3 Bd7
15. Bf4 Bc6 16. Be5 Ng6 17. Qh3 Nxe5 18. dxe5 Nd7 19. Rad1 Qb6 20. Rxd7 Bxd7
21. Qd3 g6 22. Qxd7 Qxb2 23. Qd2 Rfd8 24. Qe3 Qxc2 25. Ne4 Rd1 26. g3 Rxf1+ 27.
Kxf1 Qd1+ 28. Kg2 Qd5 29. f4 Rc8 30. Kh3 Kg7 31. Nf6 Qc5 32. Qd3 Qc2 33. Qd4
Qf5+ 34. g4 Qc2 35. Qg1 Qd3+ 36. Kh4 Rc3 37. Qf2 Qf3 0-1

[Event "Olomouc Chess Summer 2012 - Open Olomou"]
[Site "Olomouc (CZE), Hotel Flora"]
[Date "2012.08.05"]
[Round "5.3"]
[White "Sivuk, Vitaly"]
[Black "Piankov, Evgenij"]
[Result "1-0"]
[WhiteElo "2480"]
[BlackElo "2338"]
[PlyCount "43"]
[EventDate "2012.08.02"]

1. e4 c6 2. d4 d5 3. exd5 cxd5 4. c4 Nf6 5. Nc3 e6 6. Nf3 Be7 7. cxd5 Nxd5 8.
Bd3 Nc6 9. a3 a6 10. O-O b5 11. Re1 Bb7 12. Nxd5 Qxd5 13. Be4 Qd7 14. Bg5 Rd8
15. Bxe7 Nxe7 16. Ne5 Qc7 17. Rc1 Qb6 18. Qf3 f6 19. Bxb7 fxe5 20. Bc6+ Nxc6
21. Rxc6 Qxd4 22. Rxe6+ 1-0

[Event "Olomouc Chess Summer 2012 - Open Olomou"]
[Site "Olomouc (CZE), Hotel Flora"]
[Date "2012.08.05"]
[Round "5.2"]
[White "Zilka, Stepan"]
[Black "Piscopo, Pierluigi"]
[Result "1-0"]
[WhiteElo "2517"]
[BlackElo "2364"]
[PlyCount "120"]
[EventDate "2012.08.02"]

1. d4 Nf6 2. c4 c5 3. d5 e6 4. Nc3 exd5 5. cxd5 d6 6. e4 g6 7. h3 Bg7 8. Nf3 a6
9. a4 Nbd7 10. Bd3 Nh5 11. O-O Ne5 12. Be2 Nxf3+ 13. Bxf3 Qh4 14. Ra3 Be5 15.
Re1 Nf6 16. Qd2 Rg8 17. Qg5 Qxg5 18. Bxg5 h6 19. Bh4 g5 20. Bg3 Bxg3 21. fxg3
Nd7 22. Bg4 Ne5 23. Bxc8 Rxc8 24. Nd1 b6 25. Ne3 h5 26. Rf1 Kd7 27. b3 b5 28.
axb5 axb5 29. Ra7+ Rc7 30. Ra6 c4 31. Nf5 Rg6 32. bxc4 bxc4 33. Nd4 c3 34. Ra8
h4 35. g4 c2 36. Rc1 Nd3 37. Rxc2 Rxc2 38. Nxc2 Nc5 39. Nd4 Nxe4 40. Nf5 Nc3
41. Ra7+ Kd8 42. Rxf7 Nxd5 43. Nd4 Nf4 44. Kf2 Ke8 45. Rf5 Kd7 46. Nf3 Ne6 47.
Ke3 Rg8 48. Rf7+ Kc6 49. Ke4 Ra8 50. Kf5 Kd5 51. Nxg5 Nd4+ 52. Kg6 Ra2 53. Nf3
Nxf3 54. gxf3 Rh2 55. f4 Rxh3 56. f5 Rf3 57. f6 h3 58. g5 Ke4 59. Rh7 Ke5 60.
f7 Ke6 1-0

[Event "Olomouc Chess Summer 2012 - Open Olomou"]
[Site "Olomouc (CZE), Hotel Flora"]
[Date "2012.08.05"]
[Round "5.1"]
[White "Narayanan, Srinath"]
[Black "Blahynka, Martin"]
[Result "1/2-1/2"]
[WhiteElo "2399"]
[BlackElo "2145"]
[PlyCount "110"]
[EventDate "2012.08.02"]

1. e4 e5 2. Nf3 Nc6 3. d4 exd4 4. Nxd4 Bc5 5. Nxc6 Qf6 6. Qf3 Qxc6 7. Nc3 Ne7
8. Bb5 Qg6 9. Bf4 a6 10. Be2 d6 11. O-O-O h5 12. h3 Qf6 13. Nd5 Nxd5 14. exd5
Bd7 15. g4 hxg4 16. hxg4 O-O-O 17. Bg3 Qxf3 18. Bxf3 g5 19. c3 Rde8 20. Kd2 f5
21. gxf5 Bxf5 22. Rde1 Ref8 23. Rxh8 Rxh8 24. Re7 Rf8 25. Rg7 g4 26. Be2 Be4
27. Bxg4+ Kb8 28. b4 Bb6 29. Be6 Bxf2 30. Bxf2 Rxf2+ 31. Ke3 Rg2 32. Rf7 Bb1
33. a4 Rg3+ 34. Kd2 Rg2+ 35. Ke1 Ba2 36. Rf8+ Ka7 37. Rc8 c6 38. Rd8 Bxd5 39.
Bxd5 cxd5 40. Kd1 Rg6 41. a5 d4 42. cxd4 b6 43. Rd7+ Kb8 44. axb6 d5 45. Kc2
Rxb6 46. Kc3 Rb5 47. Rd8+ Kc7 48. Ra8 Kb7 49. Re8 Kc7 50. Re7+ Kb6 51. Re6+ Kb7
52. Rd6 Ka7 53. Rd7+ Kb6 54. Rh7 Kc6 55. Rh1 Kb7 1/2-1/2

[Event "Olomouc Chess Summer 2012 - Open Olomou"]
[Site "Olomouc (CZE), Hotel Flora"]
[Date "2012.08.05"]
[Round "4.15"]
[White "Meduna-Jun., Eduard"]
[Black "Gagare, Shardul"]
[Result "0-1"]
[WhiteElo "2016"]
[BlackElo "2287"]
[PlyCount "42"]
[EventDate "2012.08.02"]

1. e4 c6 2. d4 d5 3. e5 Bf5 4. Ne2 e6 5. Ng3 Bg6 6. Bd3 c5 7. c3 Nc6 8. O-O Rc8
9. a3 cxd4 10. cxd4 Qb6 11. Bxg6 hxg6 12. Ne2 Nge7 13. b3 Nf5 14. Bb2 Be7 15.
Qd3 g5 16. Rd1 g4 17. Nf4 Nfxd4 18. Nc3 Qxb3 19. Rab1 Bc5 20. Rdc1 Nxe5 21. Qg3
Nf5 0-1

[Event "Olomouc Chess Summer 2012 - Open Olomou"]
[Site "Olomouc (CZE), Hotel Flora"]
[Date "2012.08.05"]
[Round "4.14"]
[White "Stehlik, Jiri"]
[Black "Ageichenko, Genadi A"]
[Result "0-1"]
[WhiteElo "2007"]
[BlackElo "2329"]
[PlyCount "106"]
[EventDate "2012.08.02"]

1. Nf3 c5 2. c4 g6 3. Nc3 Bg7 4. g3 Nc6 5. Bg2 e5 6. d3 Nge7 7. O-O O-O 8. Ne1
d6 9. Nc2 Be6 10. Ne3 Qd7 11. Ned5 Bh3 12. Bh6 Bxg2 13. Kxg2 Nxd5 14. Nxd5 Ne7
15. Nxe7+ Qxe7 16. Bxg7 Kxg7 17. Qd2 f5 18. e4 f4 19. f3 h5 20. Kh1 Qf6 21. Qg2
Qg5 22. Rf2 Rf6 23. Rg1 fxg3 24. Qxg3 Qe3 25. f4 exf4 26. Qxe3 fxe3 27. Rxf6
Kxf6 28. Re1 g5 29. Rxe3 g4 30. h3 Ke5 31. Kg2 Rg8 32. Kf2 Kf4 33. hxg4 hxg4
34. Re1 Rh8 35. Kg2 Rh3 36. b4 b6 37. bxc5 bxc5 38. Rf1+ Rf3 39. Rd1 Ke3 40. a4
Kd4 41. Rb1 Rxd3 42. Rb7 a5 43. Ra7 Kxe4 44. Rxa5 Kd4 45. Ra8 Kxc4 46. Rg8 Rd4
47. Kg3 Kb4 48. Ra8 c4 49. a5 Kb5 50. a6 Kb6 51. Kf2 d5 52. Ke3 Rd3+ 53. Ke2 g3
0-1

[Event "Olomouc Chess Summer 2012 - Open Olomou"]
[Site "Olomouc (CZE), Hotel Flora"]
[Date "2012.08.05"]
[Round "4.13"]
[White "Rydl, Jiri"]
[Black "Kireev, Aleksei"]
[Result "0-1"]
[WhiteElo "2021"]
[BlackElo "2345"]
[PlyCount "78"]
[EventDate "2012.08.02"]

1. e4 d6 2. d4 g6 3. f4 c6 4. Nf3 d5 5. e5 h5 6. c3 Nh6 7. Be3 Bg4 8. Nbd2 Nf5
9. Bf2 e6 10. Be2 Nd7 11. Ng5 Bxe2 12. Qxe2 Be7 13. Ngf3 Kf8 14. g3 a5 15. Qd3
b5 16. h3 Qb6 17. Kf1 c5 18. Kg2 c4 19. Qc2 b4 20. g4 Ng7 21. Rhb1 Qc6 22. Nf1
Nb6 23. Ne3 Ke8 24. Kf1 Kd7 25. Ke2 hxg4 26. hxg4 Rh3 27. Rg1 Rah8 28. f5 gxf5
29. gxf5 Nxf5 30. Nxf5 exf5 31. Qxf5+ Qe6 32. Qf4 Na4 33. cxb4 axb4 34. Rab1 c3
35. b3 Nb2 36. Ke3 R8h5 37. Bg3 Ke8 38. Rg2 Qg6 39. Rf1 Rf5 0-1

[Event "Olomouc Chess Summer 2012 - Open Olomou"]
[Site "Olomouc (CZE), Hotel Flora"]
[Date "2012.08.05"]
[Round "4.12"]
[White "Zednik, Josef"]
[Black "Kanovsky, David"]
[Result "1/2-1/2"]
[WhiteElo "2040"]
[BlackElo "2441"]
[PlyCount "66"]
[EventDate "2012.08.02"]

1. d4 Nf6 2. Nf3 c5 3. c3 b6 4. g3 Bb7 5. Bg2 g6 6. O-O Bg7 7. Re1 O-O 8. Nbd2
d5 9. Ne5 Nfd7 10. Nxd7 Qxd7 11. Nb3 Na6 12. Be3 Rac8 13. dxc5 Nxc5 14. Bxc5
bxc5 15. e3 Rfd8 16. Qe2 Qa4 17. Qc2 Ba6 18. Bf1 Bxf1 19. Rxf1 d4 20. c4 d3 21.
Qc1 Qb4 22. Rd1 a5 23. Rb1 Rb8 24. Qd2 Qxc4 25. Qxa5 Rbc8 26. Rbc1 Qg4 27. Nxc5
Bxb2 28. Rb1 Rd5 29. Qa4 Qf3 30. Nxd3 Bf6 31. Ne1 Qf5 32. Qf4 Rxd1 33. Rxd1
Qxf4 1/2-1/2

[Event "Olomouc Chess Summer 2012 - Open Olomou"]
[Site "Olomouc (CZE), Hotel Flora"]
[Date "2012.08.05"]
[Round "4.11"]
[White "Plat, Vojtech"]
[Black "Ortoft, Kai"]
[Result "1-0"]
[WhiteElo "2480"]
[BlackElo "2039"]
[PlyCount "121"]
[EventDate "2012.08.02"]

1. b3 e5 2. Bb2 d6 3. c4 Nf6 4. g3 g6 5. Bg2 Bg7 6. Nf3 O-O 7. Nc3 Nc6 8. O-O
Bd7 9. e3 Qc8 10. d4 Bg4 11. Qd2 Re8 12. Ne1 Bh3 13. d5 Bxg2 14. Kxg2 Nb8 15.
e4 Na6 16. Nd3 b6 17. Rae1 Nc5 18. Nxc5 bxc5 19. h3 Nh5 20. Ne2 f5 21. exf5
Qxf5 22. g4 Nf4+ 23. Nxf4 Qxf4 24. Qxf4 exf4 25. Bc1 g5 26. Bd2 Be5 27. Ba5
Rac8 28. Re2 Kf7 29. Kf3 c6 30. Rd1 cxd5 31. Rxd5 Re6 32. Re1 Rh6 33. Rh1 Ke6
34. Kg2 Kd7 35. Rhd1 Ke7 36. R1d3 Re6 37. Bd2 Rc6 38. a3 Rc8 39. b4 a6 40. bxc5
Rxc5 41. Rxc5 dxc5 42. Rd5 Bd4 43. Rxg5 Re2 44. Bxf4 Rxf2+ 45. Kg3 Ra2 46. Rh5
Rxa3+ 47. Kh4 Kf7 48. Rxh7+ Kg6 49. Rh6+ Kg7 50. g5 a5 51. Ra6 a4 52. Kg4 Ra1
53. Ra7+ Kg8 54. h4 a3 55. Kf5 a2 56. Kg6 Kf8 57. h5 Ke8 58. Bh2 Rc1 59. Rxa2
Rxc4 60. h6 Rc3 61. Be5 1-0

[Event "Olomouc Chess Summer 2012 - Open Olomou"]
[Site "Olomouc (CZE), Hotel Flora"]
[Date "2012.08.05"]
[Round "4.10"]
[White "Goluch, Piotr"]
[Black "Zdrazil, Tomas"]
[Result "1-0"]
[WhiteElo "2250"]
[BlackElo "2032"]
[PlyCount "77"]
[EventDate "2012.08.02"]

1. Nf3 Nf6 2. c4 g6 3. g3 Bg7 4. Bg2 d6 5. Nc3 O-O 6. O-O e5 7. d4 Nbd7 8. e4
c6 9. h3 Qc7 10. Be3 Re8 11. Re1 exd4 12. Nxd4 Nc5 13. Qc2 a5 14. b3 Bd7 15.
Rad1 Re7 16. f4 Rae8 17. Bf2 Nh5 18. Nde2 Nf6 19. e5 Bf5 20. Qd2 Nce4 21. Nxe4
Nxe4 22. Bxe4 Bxe4 23. exd6 Qd7 24. Kh2 Re6 25. Ng1 h5 26. c5 h4 27. Qxa5 hxg3+
28. Bxg3 Bc2 29. Rxe6 Bxd1 30. Rxe8+ Qxe8 31. Qd2 Bh5 32. d7 Qd8 33. Bh4 f6 34.
Qd6 Kf7 35. b4 g5 36. fxg5 fxg5 37. Bxg5 Qxg5 38. d8=Q Be5+ 39. Kh1 1-0

[Event "Olomouc Chess Summer 2012 - Open Olomou"]
[Site "Olomouc (CZE), Hotel Flora"]
[Date "2012.08.05"]
[Round "4.8"]
[White "Jasny, Stanislav"]
[Black "Krouzel, Jaroslav"]
[Result "1-0"]
[WhiteElo "2308"]
[BlackElo "2161"]
[PlyCount "115"]
[EventDate "2012.08.02"]

1. e4 e6 2. d4 d5 3. Nc3 dxe4 4. Nxe4 Nd7 5. Nf3 Ngf6 6. Nxf6+ Nxf6 7. Bc4 Be7
8. O-O O-O 9. Qe2 c5 10. dxc5 Bxc5 11. Bg5 Be7 12. Rad1 Qe8 13. Rfe1 a6 14. Ne5
Nd5 15. Bc1 Nb6 16. Bd3 Bf6 17. Ng4 Be7 18. Qe3 Nd5 19. Qh3 f5 20. Ne5 Nb4 21.
Bc4 Nxc2 22. Re2 Nb4 23. Qb3 Kh8 24. a3 Nc6 25. Nxc6 Qxc6 26. Bxe6 Bxe6 27.
Rxe6 Qc7 28. Bf4 Qxf4 29. Rxe7 b5 30. Qc3 Qg5 31. Qe5 Rac8 32. h4 Qf6 33. Qxf6
Rxf6 34. Rdd7 Rg8 35. Ra7 h5 36. Rf7 Rxf7 37. Rxf7 Rc8 38. Rxf5 Rc1+ 39. Kh2
Rc2 40. Rxh5+ Kg8 41. Kg3 Rxb2 42. a4 Rb3+ 43. f3 Kf7 44. axb5 axb5 45. Rc5 Rb2
46. Rc6 b4 47. h5 b3 48. h6 gxh6 49. Rxh6 Rc2 50. Rb6 b2 51. f4 Kg7 52. Kf3 Kf7
53. g3 Kg7 54. Kg4 Rg2 55. Kh4 Kf7 56. g4 Rc2 57. Kg5 Kf8 58. Rb7 1-0

[Event "Olomouc Chess Summer 2012 - Open Olomou"]
[Site "Olomouc (CZE), Hotel Flora"]
[Date "2012.08.05"]
[Round "4.7"]
[White "Piankov, Evgenij"]
[Black "Bilguun, Sumiya"]
[Result "1-0"]
[WhiteElo "2338"]
[BlackElo "2177"]
[PlyCount "99"]
[EventDate "2012.08.02"]

1. d4 d5 2. Bg5 c6 3. e3 Nf6 4. Bxf6 exf6 5. c4 Be6 6. cxd5 cxd5 7. Qb3 Qd7 8.
Nc3 Nc6 9. g3 Na5 10. Qb5 Qxb5 11. Bxb5+ Nc6 12. Nge2 a6 13. Ba4 O-O-O 14. O-O
b5 15. Bc2 f5 16. Nf4 g5 17. Nd3 Nb4 18. Nxb4 Bxb4 19. a4 Bxc3 20. bxc3 Kb7 21.
Rfb1 Bd7 22. Bd3 Kb6 23. Ra3 Ra8 24. c4 dxc4 25. Bxc4 f6 26. Bf1 Rab8 27. axb5
axb5 28. Rba1 Bc6 29. Ra6+ Kc7 30. Rc1 Rb6 31. Bxb5 Rxa6 32. Bxa6 Kd6 33. Bd3
f4 34. h3 h5 35. Bf5 Bf3 36. Kh2 fxe3 37. fxe3 g4 38. Rc8 Rh6 39. h4 Bb7 40.
Rb8 Bc6 41. e4 Kc7 42. Rf8 Kd6 43. Kg1 Ke7 44. Rg8 Be8 45. Kf2 Bg6 46. Bxg6
Rxg6 47. Rh8 f5 48. Rxh5 fxe4 49. Re5+ Kd6 50. Rxe4 1-0

[Event "Olomouc Chess Summer 2012 - Open Olomou"]
[Site "Olomouc (CZE), Hotel Flora"]
[Date "2012.08.05"]
[Round "4.6"]
[White "Dolezal, Radoslav"]
[Black "Sergienko, Vladislav"]
[Result "1-0"]
[WhiteElo "2374"]
[BlackElo "2191"]
[PlyCount "89"]
[EventDate "2012.08.02"]

1. Nf3 Nf6 2. g3 g6 3. Bg2 Bg7 4. O-O O-O 5. c4 d6 6. d4 Nc6 7. Nc3 Bf5 8. Nh4
Bd7 9. f4 e5 10. fxe5 dxe5 11. d5 Nd4 12. e3 Nf5 13. Nxf5 Bxf5 14. e4 Bd7 15.
Bg5 h6 16. Be3 b6 17. h3 Ne8 18. Qd2 Kh7 19. g4 c5 20. dxc6 Bxc6 21. Qxd8 Rxd8
22. Rad1 Nd6 23. b3 Kg8 24. Nd5 Bxd5 25. Rxd5 Nc8 26. Rfd1 Rxd5 27. Rxd5 Re8
28. c5 Bf8 29. cxb6 axb6 30. Bf1 Nd6 31. Bxb6 Nxe4 32. a4 f5 33. gxf5 gxf5 34.
a5 f4 35. Bc4 Kg7 36. a6 Nd6 37. Rxd6 Bxd6 38. a7 e4 39. Bd5 e3 40. a8=Q Rxa8
41. Bxa8 Bb4 42. Bf3 Kf6 43. Bd4+ Kf5 44. Kf1 Kg5 45. Be2 1-0

[Event "Olomouc Chess Summer 2012 - Open Olomou"]
[Site "Olomouc (CZE), Hotel Flora"]
[Date "2012.08.05"]
[Round "4.5"]
[White "Semenova, Irina"]
[Black "Zilka, Stepan"]
[Result "0-1"]
[WhiteElo "2214"]
[BlackElo "2517"]
[PlyCount "104"]
[EventDate "2012.08.02"]

1. e4 c5 2. Nc3 Nc6 3. f4 g6 4. Nf3 Bg7 5. Bc4 e6 6. e5 d5 7. exd6 Qxd6 8. d3
Nge7 9. Ne4 Qc7 10. O-O O-O 11. Kh1 Na5 12. Qe1 Nxc4 13. dxc4 Nf5 14. c3 b6 15.
Bd2 Bb7 16. Qe2 Rad8 17. Rae1 Qc6 18. b3 Qd7 19. Rf2 Qd3 20. Qxd3 Rxd3 21. Ne5
Rfd8 22. Kg1 Nd6 23. Nxd6 R3xd6 24. Be3 f6 25. Nf3 Rc8 26. Bc1 Kf7 27. Rd2 Rxd2
28. Nxd2 Rd8 29. Nf1 f5 30. Bd2 Be4 31. Kf2 Rd3 32. Re3 Rd8 33. Re1 Bd3 34. Ne3
Bh6 35. g3 g5 36. fxg5 Bxg5 37. a3 Bc2 38. Nxc2 Rxd2+ 39. Re2 Rd3 40. Ne1 Rxc3
41. Rb2 e5 42. a4 a5 43. Rb1 e4 44. Ke2 Ke6 45. Kf2 f4 46. gxf4 Bh4+ 47. Kg2
Kf5 48. Kf1 Bxe1 49. Kxe1 Kxf4 50. Kd2 Rh3 51. Rf1+ Rf3 52. Rg1 Rxb3 0-1

[Event "Olomouc Chess Summer 2012 - Open Olomou"]
[Site "Olomouc (CZE), Hotel Flora"]
[Date "2012.08.05"]
[Round "4.4"]
[White "Garcia Roman, Daniel"]
[Black "Furman, Boris"]
[Result "1-0"]
[WhiteElo "2386"]
[BlackElo "2255"]
[PlyCount "99"]
[EventDate "2012.08.02"]

1. c4 e6 2. Nc3 d5 3. d4 Bb4 4. cxd5 exd5 5. Qa4+ Nc6 6. Nf3 Nf6 7. Bg5 h6 8.
Bxf6 Qxf6 9. e3 O-O 10. Be2 Rd8 11. O-O Bf8 12. Rfc1 Be6 13. Qd1 a6 14. Na4 Bd6
15. Nc5 Bc8 16. g3 Ne7 17. Nd3 Ng6 18. Nfe1 Bf5 19. Bf3 c6 20. Nc5 Qe7 21. Bg4
Bxg4 22. Qxg4 b6 23. Na4 Qb7 24. Nd3 Re8 25. Rc3 Rab8 26. Rac1 Ne7 27. R3c2 a5
28. b3 Rbc8 29. h4 Ng6 30. Nc3 Rc7 31. h5 Nf8 32. e4 Ba3 33. Nxd5 Rec8 34. Nxc7
Bxc1 35. Nb5 Rd8 36. Rxc1 cxb5 37. d5 Nd7 38. Rc6 b4 39. Qf4 Nf6 40. Rxf6 gxf6
41. Qxf6 Re8 42. Qxh6 Qe7 43. e5 Qd7 44. Qg5+ Kh7 45. Nf4 Rc8 46. h6 Rg8 47.
Qf6 b5 48. e6 fxe6 49. Nxe6 Qxd5 50. Nf8+ 1-0

[Event "Olomouc Chess Summer 2012 - Open Olomou"]
[Site "Olomouc (CZE), Hotel Flora"]
[Date "2012.08.05"]
[Round "4.3"]
[White "Blahynka, Martin"]
[Black "Gagarin, Vasilij"]
[Result "1-0"]
[WhiteElo "2145"]
[BlackElo "2372"]
[PlyCount "103"]
[EventDate "2012.08.02"]

1. e4 e5 2. Nf3 Nc6 3. Bb5 a6 4. Bxc6 dxc6 5. O-O f6 6. d4 Bg4 7. dxe5 Qxd1 8.
Rxd1 fxe5 9. Rd3 Bd6 10. Nbd2 Nf6 11. Nc4 Nxe4 12. Nfxe5 Bf5 13. g4 Be6 14. Re3
Bd5 15. f3 Bc5 16. fxe4 Bxe4 17. Nd3 Ba7 18. Nf2 Bxe3 19. Nxe3 Bg6 20. Bd2 O-O
21. Re1 h5 22. Bc3 Rae8 23. h3 Rf3 24. Ng2 Rxe1+ 25. Nxe1 Rg3+ 26. Kf1 hxg4 27.
Bd2 gxh3 28. Bf4 Rg2 29. Nxg2 hxg2+ 30. Kxg2 Bxc2 31. Bxc7 Kf7 32. Kf3 Ke6 33.
Ke3 Bb1 34. a4 b5 35. a5 c5 36. Ne4 Kd5 37. Nc3+ Kc6 38. Bb6 Bh7 39. Ne4 Bxe4
40. Kxe4 c4 41. Kd4 g5 42. Bd8 g4 43. Bh4 Kd6 44. Be1 Kc6 45. Bg3 Kb7 46. Kc5
Ka7 47. Be1 Kb7 48. Kd6 Kc8 49. Kc6 Kb8 50. Kb6 Ka8 51. Kxa6 g3 52. Kxb5 1-0

[Event "Olomouc Chess Summer 2012 - Open Olomou"]
[Site "Olomouc (CZE), Hotel Flora"]
[Date "2012.08.05"]
[Round "4.2"]
[White "Cagasik, Tomas"]
[Black "Narayanan, Srinath"]
[Result "0-1"]
[WhiteElo "2266"]
[BlackElo "2399"]
[PlyCount "80"]
[EventDate "2012.08.02"]

1. e4 c5 2. Na3 Nc6 3. c3 Nf6 4. Qa4 e6 5. d3 d5 6. Nf3 Bd7 7. Qc2 Bd6 8. Bg5
O-O 9. Be2 a6 10. O-O b5 11. Nb1 h6 12. Bh4 d4 13. a4 Rb8 14. axb5 axb5 15.
Nbd2 e5 16. Bxf6 Qxf6 17. Ra6 Qd8 18. Rfa1 Qc7 19. Qc1 Be6 20. Bd1 dxc3 21.
bxc3 Rfd8 22. Bb3 Bxb3 23. Nxb3 Be7 24. Qe3 c4 25. dxc4 bxc4 26. Nbd2 Rd3 27.
Qe2 Rb2 28. Rxc6 Qxc6 29. Nxe5 Rdxd2 30. Qxd2 Qb5 31. Qc1 Bh4 32. Ng4 h5 33. g3
Be7 34. Ne3 Bc5 35. Nd1 Re2 36. Kf1 Rxe4 37. Ra8+ Kh7 38. h4 Qd7 39. Ne3 Qh3+
40. Ke2 Rxe3+ 0-1